|
|
|
|
| LEADER |
00000cam a2200000 a 4500 |
| 001 |
46260 |
| 005 |
20230308154915.0 |
| 008 |
976061|1972 ||||||||r|||||||||||spa|| |
| 040 |
|
|
|b spa
|
| 041 |
1 |
|
|a spa
|
| 082 |
0 |
|
|a 940.53
|
| 100 |
1 |
|
|a Piekalkiewicz, Janusz
|9 8033
|
| 245 |
1 |
1 |
|a Espias, agentes y soldados. Comandos secretos en la segunda guerra mundial
|c Janusz Piekalkiewicz
|h imp
|
| 264 |
|
|
|a Barcelona
|b Bruguera
|c 1972
|
| 300 |
|
|
|a 526 páginas:
|b ilu
|c 27 cm
|
| 504 |
|
|
|a incl. ref.
|
| 650 |
1 |
0 |
|a Historia europea
|9 8030
|
| 650 |
1 |
|
|a Segunda guerra mundial
|9 8032
|
| 852 |
|
|
|a UC-CDJBV
|c TERCER PISO
|f Compra
|k margarita.gutierrez
|l 1
|m General
|p 19760612
|r 2
|t 46260
|y 39685
|b 0
|d CDRC
|e CDRC
|g 940.53 TERCER PISO
|z 1976-60-61
|
| 942 |
|
|
|c BK
|0 1
|
| 999 |
|
|
|c 3657
|d 3657
|